000 04044nam a22006495i 4500
001 978-3-319-52159-6
003 DE-He213
005 20210118144508.0
007 cr nn 008mamaa
008 170107s2017 gw | s |||| 0|eng d
020 _a9783319521596
_9978-3-319-52159-6
024 7 _a10.1007/978-3-319-52159-6
_2doi
050 4 _aQA76.9.N38
072 7 _aUYQL
_2bicssc
072 7 _aCOM073000
_2bisacsh
072 7 _aUYQL
_2thema
082 0 4 _a006.35
_223
245 1 0 _aGraphic Recognition. Current Trends and Challenges
_h[electronic resource] :
_b11th International Workshop, GREC 2015, Nancy, France, August 22–23, 2015, Revised Selected Papers /
_cedited by Bart Lamiroy, Rafael Dueire Lins.
250 _a1st ed. 2017.
264 1 _aCham :
_bSpringer International Publishing :
_bImprint: Springer,
_c2017.
300 _aX, 149 p. 83 illus.
_bonline resource.
336 _atext
_btxt
_2rdacontent
337 _acomputer
_bc
_2rdamedia
338 _aonline resource
_bcr
_2rdacarrier
347 _atext file
_bPDF
_2rda
490 1 _aImage Processing, Computer Vision, Pattern Recognition, and Graphics ;
_v9657
505 0 _aSymbol spotting -- Recognition in context -- Perceptual based approaches and grouping -- Low level processing -- Off-line to on-line and interactive systems -- Structure based approaches.-Performance evaluation and ground truthing -- Content based retrieval.
520 _aThis book constitutes the thoroughly refereed post-conference proceedings of the 11th International Workshop on Graphics Recognition, GREC 2015, held in Nancy, France, in August 2015. The 10 revised full papers presented were carefully reviewed and selected from 19 initial submissions. They contain both classical and emerging topics of Graphics Recognition, namely symbol spotting; recognition in context; perceptual based approaches and grouping; low level processing; off-line to on-line and interactive systems; structure based approaches; performance evaluation and ground truthing; content based retrieval.
650 0 _aNatural language processing (Computer science).
650 0 _aOptical data processing.
650 0 _aAlgorithms.
650 0 _aPattern recognition.
650 0 _aComputer graphics.
650 1 4 _aNatural Language Processing (NLP).
_0http://scigraph.springernature.com/things/product-market-codes/I21040
650 2 4 _aImage Processing and Computer Vision.
_0http://scigraph.springernature.com/things/product-market-codes/I22021
650 2 4 _aAlgorithm Analysis and Problem Complexity.
_0http://scigraph.springernature.com/things/product-market-codes/I16021
650 2 4 _aPattern Recognition.
_0http://scigraph.springernature.com/things/product-market-codes/I2203X
650 2 4 _aComputer Graphics.
_0http://scigraph.springernature.com/things/product-market-codes/I22013
700 1 _aLamiroy, Bart.
_eeditor.
_4edt
_4http://id.loc.gov/vocabulary/relators/edt
700 1 _aDueire Lins, Rafael.
_eeditor.
_4edt
_4http://id.loc.gov/vocabulary/relators/edt
710 2 _aSpringerLink (Online service)
773 0 _tSpringer eBooks
776 0 8 _iPrinted edition:
_z9783319521589
776 0 8 _iPrinted edition:
_z9783319521602
830 0 _aImage Processing, Computer Vision, Pattern Recognition, and Graphics ;
_v9657
856 4 0 _uhttps://doi.org/10.1007/978-3-319-52159-6
912 _aZDB-2-SCS
912 _aZDB-2-LNC
999 _c451558
_d451558
942 _cEB
506 _aAvailable to subscribing member institutions only. Доступно лише організаціям членам підписки.
506 _fOnline access from local network of NaUOA.
506 _fOnline access with authorization at https://link.springer.com/
506 _fОнлайн-доступ з локальної мережі НаУОА.
506 _fОнлайн доступ з авторизацією на https://link.springer.com/